000 00762nam a2200217Ia 4500
003 GCL
008 140319s9999 xx 000 0 ara d
040 _aGCL /
_cGCL
082 0 4 _a811.09
_bم د
100 1 _aمحمود الملاح
245 1 0 _aديوان محمود الملاح ( 1309 - 1389 هـ \ 1891 - 1969 م ) /
_cمحمود الملاح
700 1 _aاحمد دهش النعيمى
250 _aالاولى
260 _aالعراق :
_bالقيراون للنشر والتوزيع ،
_c2006
300 _a2 مج ؛
_c24 سم
650 0 4 _aالادب العربى
650 0 4 _aالشعر العربى الحديث
650 0 4 _aالشعر العربى - دواوين وقصائد
650 0 4 _aمحمود الملاح
942 _2ddc
_cBK
999 _c9731
_d9731